| 000 | 00780cam a22002651 4500 | ||
|---|---|---|---|
| 005 | 20260322212012.0 | ||
| 008 | data | ||
| 010 | _a 55010344 | ||
| 040 |
_aDLC _cDLC _dDLC |
||
| 050 | 0 | 0 |
_aPR3454 _b.G72 vol. 37 _aPR3454 |
| 082 | 0 | 0 | _a823.5 |
| 100 | 1 |
_aFielding, Henry, _d1707-1754. |
|
| 245 | 1 | 4 |
_aThe history of Tom Jones : _ba foundling / _cHenry Fielding. |
| 260 |
_aChicago, _bEncyclopaedia Brittannica _c[1955, c1948] |
||
| 300 |
_axv, 405 p. _c25 cm. |
||
| 490 | 0 | _aGreat books of the Western World, v. 37 | |
| 650 | 0 |
_aIdentity (Psychology) _vFiction. |
|
| 650 | 0 |
_aFoundlings _vFiction. |
|
| 650 | 0 |
_aYoung men _vFiction. |
|
| 651 | 0 |
_aEngland _vFiction. |
|
| 655 | 7 |
_aHumorous fiction. _2gsafd |
|
| 655 | 7 |
_aBildungsromans. _2gsafd |
|
| 740 | 0 | _aTom Jones. | |
| 001 | data | ||
| 999 |
_c254 _d254 |
||